| 000 -ლიდერი |
| ფიქსირებული სიგრძის საკონტროლო ველი |
01958nam a22002537a 4500 |
| 003 - საკონტროლო ნომრის იდენტიფიკატორი |
| საკონტროლო ველი |
Ge_BSU |
| 005 - ბოლო ოპერაციის თარიღი და დრო |
| საკონტროლო ველი |
20240325171136.0 |
| 008 - ფიქსირებული სიგრძის მონაცემთა ელემენტები - ზოგადი ინფორმაცია |
| ფიქსირებული სიგრძის საკონტროლო ველი |
181216s2017 ge ||||| |||| 00| 0 geo d |
| 041 ## - ენის კოდი |
| Language code of text/sound track or separate title |
geo |
| 080 ## - უნივერსალური ათობითი კლასიფიკაციის ინდექსი |
| Universal Decimal Classification number |
902(479.22)(058) წ-35 |
| 245 ## - ცნობა სათაურის შესახებ |
| Title |
წელიწდეული : |
| Remainder of title |
IX : ეძღვნება ქართველ საზოგადო მოღვაწეს, ეთნოგრაფსა და პუბლიცისტს ეგნატე გაბლიანს / |
| Statement of responsibility, etc |
ქუთაისის ილია ჭავჭავაძის სახელობის საჯარო ბიბლიოთეკა ; სარედ. საბჭო იოსებ ასათიანი, ნომადი ბარტაია ; პროექტის დირექტ. ნარგიზ ჩოგოვაძე |
| 264 ## - წარმოების, გამოცემის, დისტრიბუციის და სხვა ცნობები |
| გამოცემის, წარმოების, დისტრიბუციის... ადგილი |
ქუთაისი, |
| გამოცემის, წარმოების, დისტრიბუციის... თარიღი |
2017. |
| 300 ## - ფიზიკური აღწერა |
| Extent |
243 გვ. : |
| Other physical details |
ილ. ; |
| Dimensions |
25 სმ. |
| 504 ## - BIBLIOGRAPHY, ETC. NOTE |
| Bibliography, etc |
ბიბლიოგრ. ტექსტების ბოლოს |
| 520 ## - SUMMARY, ETC. |
| Summary, etc |
რეზიუმე ტექსტების ბოლოს |
| 546 ## - LANGUAGE NOTE |
| Language note |
პარალ. სათ. ინგლ. ენაზე |
| 600 ## - SUBJECT ADDED ENTRY--PERSONAL NAME |
| 9 (RLIN) |
84 |
| Personal name |
ეძღვნება ქართველ საზოგადო მოღვაწეს, ეთნოგრაფსა და პუბლიცისტს ეგნატე გაბლიანს |
| 700 ## - ADDED ENTRY--PERSONAL NAME |
| Personal name |
ასათიანი, იოსებ |
| Relator term |
რედაქტორი |
| 9 (RLIN) |
80 |
| 700 ## - ADDED ENTRY--PERSONAL NAME |
| Personal name |
ბაგრატაია, ნომადი |
| Relator term |
რედაქტორი |
| 9 (RLIN) |
81 |
| 700 ## - ADDED ENTRY--PERSONAL NAME |
| Personal name |
ნარგიზ, ჩოგოვაძე |
| Relator term |
პროექტის დირექტორი |
| 9 (RLIN) |
82 |
| 710 ## - ADDED ENTRY--CORPORATE NAME |
| Corporate name or jurisdiction name as entry element |
ქუთაისის ილია ჭავჭავაძის სახელობის საჯარო ბიბლიოთეკა |
| 9 (RLIN) |
83 |
| 773 ## - HOST ITEM ENTRY |
| Title |
ნაჩუქარი |
| 942 ## - ADDED ENTRY ELEMENTS (KOHA) |
| Source of classification or shelving scheme |
|
| Koha item type |
წიგნი |